Taekwondo Kicks - Sudden Death - Statistics

General Stats
  • This quiz has been taken 4 times
  • The average score is 4 of 19
Answers on the Grid
Answers color-coded by a green-red scale on the quiz's grid according to % correct below.
Tornado Kick
Turning Back Side Kick
Front Snap Kick
1 - 2 - 3 Kick
Side Kick
Fire Kick
Spiral Kick
Scissor Kick
Long Kick
Inside Out Ax Kick
Jumping Front Snap Kick
Spinning Hook Kick
Outside In Ax Kick
Round House
Flying Side Kick
Singing Kick
Stepping Side Kick
Jump Spinning Hook Kick
Stepping Round House
Pillow Kick
Jumping Ax Kick
Jump Turning Back Side Kick
Split Kick
Butterfly Kick
Stretching Kick
Block Kick
Stepping Side Kick
 
Answer Stats
Answer % Correct
Tornado Kick
67%
Turning Back Side Kick
67%
Flying Side Kick
33%
Front Snap Kick
33%
Inside Out Ax Kick
33%
Jumping Front Snap Kick
33%
Jump Turning Back Side Kick
33%
Round House
33%
Side Kick
33%
Spinning Hook Kick
33%
Butterfly Kick
0%
Jump Spinning Hook Kick
0%
Outside In Ax Kick
0%
Scissor Kick
0%
Spiral Kick
0%
Stepping Round House
0%
Stepping Side Kick
0%
Stepping Side Kick
0%
Stretching Kick
0%
No matching quizzes found
Score Distribution
Percent of People with Each Score
Percentile by Number Answered
Your Score History
You have not taken this quiz